Transport trends (Record no. 106485)
[ view plain ]
| 000 -LEADER | |
|---|---|
| fixed length control field | 01469cam a2200229 4500 |
| 001 - CONTROL NUMBER | |
| control field | L136712 |
| 008 - FIXED-LENGTH DATA ELEMENTS--GENERAL INFORMATION | |
| fixed length control field | 070219n2007 000 0 eng u |
| 035 ## - SYSTEM CONTROL NUMBER | |
| System control number | (Sirsi) u136712 |
| 041 0# - LANGUAGE CODE | |
| Language code of text/sound track or separate title | eng |
| 050 ## - LIBRARY OF CONGRESS CALL NUMBER | |
| Classification number | 711.7 $2 18 |
| 110 2# - MAIN ENTRY--CORPORATE NAME | |
| Corporate name or jurisdiction name as entry element | United Kingdom |
| Subordinate unit | Department for Transport |
| 9 (RLIN) | 4866 |
| 245 ## - TITLE STATEMENT | |
| Title | Transport trends |
| Remainder of title | 2006 edition |
| Medium | [electronic resource] |
| 250 ## - EDITION STATEMENT | |
| Edition statement | 9th ed. |
| 260 ## - PUBLICATION, DISTRIBUTION, ETC. | |
| Place of publication, distribution, etc. | London |
| Name of publisher, distributor, etc. | TSO |
| Date of publication, distribution, etc. | 2007 |
| 505 2# - FORMATTED CONTENTS NOTE | |
| Formatted contents note | Roads, vehicles and congestion -- Personal travel by mode -- Public transport -- Variation in personal travel and access to services -- Freight and logistics -- Ports and airports -- Safety -- Health and the environment. |
| 520 ## - SUMMARY, ETC. | |
| Summary, etc. | Presents an overview and analysis of trends in transport and travel in Great Britain over the past 25 years, and highlights some of the key issues. Is intended as a companion volume to Transport Statistics Great Britain, which contains reference tables of more detailed figures and some longer time trends. Includes a wide range of indicators and statistical analysis to illustrate longer-term trends and to help put key policy targets and trends into a broader context. |
| 590 ## - LOCAL NOTE (RLIN) | |
| Local note | KA |
| 651 #4 - SUBJECT ADDED ENTRY--GEOGRAPHIC NAME | |
| Geographic name | United Kingdom |
| Chronological subdivision | |
| 690 ## - LOCAL SUBJECT ADDED ENTRY--TOPICAL TERM (OCLC, RLIN) | |
| Topical term or geographic name as entry element | PROPERTY-INFRASTRUCTURE-TRANSPORT INFRASTRUCTURE |
| 856 40 - ELECTRONIC LOCATION AND ACCESS | |
| Uniform Resource Identifier | <a href="https://webarchive.nationalarchives.gov.uk/+/http://www.dft.gov.uk/pgr/statistics/datatablespublications/trends/current/transporttrends2006">https://webarchive.nationalarchives.gov.uk/+/http://www.dft.gov.uk/pgr/statistics/datatablespublications/trends/current/transporttrends2006</a> |
| Public note | View the report free of charge at www.dft.gov.uk... |
| 942 ## - ADDED ENTRY ELEMENTS (KOHA) | |
| Suppress in OPAC | 0 |
| Withdrawn status | Lost status | Source of classification or shelving scheme | Damaged status | Not for loan | Home library | Current library | Shelving location | Date acquired | Total Checkouts | Full call number | Barcode | Date last seen | Copy number | Price effective from | Koha item type |
|---|---|---|---|---|---|---|---|---|---|---|---|---|---|---|---|
| Dewey Decimal Classification | Virtual | Virtual | Online | 19/02/2007 | ONLINE PUBLICATION | 136712-1001 | 06/08/2019 | 1 | 06/08/2019 | Book |